[Event "Noisy le Grand op"]
[Site "Noisy le Grand"]
[Date "2003.??.??"]
[Round "6"]
[White "Bodin Hullin, Thomas"]
[Black "Annequin, Leon"]
[Result "1/2-1/2"]
[WhiteElo "1350"]
[BlackElo "1470"]
[PlyCount "44"]
[EventDate "2003.05.??"]
[EventType "swiss"]
[EventRounds "7"]
[EventCountry "FRA"]
[SourceTitle "EXT 2005"]
[Source "ChessBase"]
[SourceDate "2004.11.15"]
[SourceVersion "1"]
[SourceVersionDate "2004.11.15"]
[SourceQuality "1"]

1. c4 Nf6 2. Nc3 b6 3. Nf3 Bb7 4. g3 c5 5. Bg2 Nc6 6. b3 Rb8 7. 0-0 e6 8. d4 cxd4 9. Nxd4 a6 10. Bf4 Rc8 11. Re1 d6 12. Nxc6 Bxc6 13. Qc2 Bxg2 14. Kxg2 Be7 15. Red1 0-0 16. Rd3 d5 17. e3 Bd6 18. Bxd6 Qxd6 19. Rad1 Rfd8 20. Qb2 Qc6 21. R1d2 Rd6 22. Kg1 Rcd8 1/2-1/2